Detalles MARC
| 000 -LEADER |
| campo de control de longitud fija |
03307cam a22005534i 4500 |
| 003 - IDENTIFICADOR DE NÚMERO DE CONTROL |
| campo de control |
PE-LiUPU |
| 005 - FECHA Y HORA DE LA ÚLTIMA TRANSACCIÓN |
| campo de control |
20250731172908.0 |
| 008 - DATOS DE LONGITUD FIJA--INFORMACIÓN GENERAL |
| campo de control de longitud fija |
150616s2005 ag rb 000 0 spa d |
| 020 ## - NÚMERO INTERNACIONAL ESTÁNDAR DEL LIBRO |
| Número Internacional Estándar del Libro |
9875670839 |
| 020 ## - NÚMERO INTERNACIONAL ESTÁNDAR DEL LIBRO |
| Número Internacional Estándar del Libro |
9789875670839 |
| 035 ## - NÚMERO DE CONTROL DEL SISTEMA |
| Número de control de sistema |
(Sirsi) a166775 |
| 040 ## - FUENTE DE CATALOGACIÓN |
| Centro catalogador/agencia de origen |
PE-LiUPU |
| Lengua de catalogación |
spa |
| Centro/agencia transcriptor |
PE-LiUPU |
| Normas de descripción |
rda |
| 041 1# - CÓDIGO DE IDIOMA |
| Código de lengua del texto/banda sonora o título independiente |
spa |
| Código de lengua original |
eng |
| 049 ## - FONDOS LOCALES (OCLC) |
| Biblioteca depositaria |
PRUA |
| 050 ## - SIGNATURA TOPOGRÁFICA DE LA BIBLIOTECA DEL CONGRESO |
| Número de clasificación |
BX6146 |
| Número de ítem |
.C66 |
| 082 04 - NÚMERO DE LA CLASIFICACIÓN DECIMAL DEWEY |
| Número de clasificación |
286.7325 |
| Cutter |
CSa |
| 100 1# - ENTRADA PRINCIPAL--NOMBRE DE PERSONA |
| Nombre de persona |
White, Elena G. de, |
| Término indicativo de función/relación |
autor. |
| 130 3# - ENTRADA PRINCIPAL--TÍTULO UNIFORME |
| Título uniforme |
El conflicto de los siglos. |
| 240 ## - TÍTULO UNIFORME |
| Título uniforme |
Conflicto de los siglos |
| Lenguaje de la obra |
español |
| 245 10 - MENCIÓN DEL TÍTULO |
| Título |
Conflicto cósmico : |
| Resto del título |
acontecimientos que cambiarán su futuro / |
| Mención de responsabilidad, etc. |
Elena G. de White, edición dirigida por Aldo D.Orrego. |
| 250 ## - MENCION DE EDICION |
| Mención de edición |
Segunda edición |
| 264 #1 - PRODUCCIÓN, PUBLICACIÓN, DISTRIBUCIÓN, FABRICACIÓN Y COPYRIGHT |
| Producción, publicación, distribución, fabricación y copyright |
Buenos Aires, Argentina : |
| Nombre del de productor, editor, distribuidor, fabricante |
Asociación Casa Editora Sudamericana, |
| Fecha de producción, publicación, distribución, fabricación o copyright |
2005. |
| 300 ## - DESCRIPCIÓN FÍSICA |
| Extensión |
352 páginas ; |
| Dimensiones |
20 centímetros. |
| 336 ## - TIPO DE CONTENIDO |
| Término de tipo de contenido |
text |
| Fuente |
rdacontent |
| 337 ## - TIPO DE MEDIO |
| Nombre/término del tipo de medio |
unmediated |
| Fuente |
rdamedia |
| 338 ## - TIPO DE SOPORTE |
| Nombre/término del tipo de soporte |
volume |
| Fuente |
rdacarrier |
| 505 0# - NOTA DE CONTENIDO CON FORMATO |
| Nota de contenido con formato |
Descorriendo el velo -- Una revelación del destino del mundo -- La lealtad y la fe de los mártires -- Una era de tinieblas espirituales -- Un pueblo que esparce la fe -- Mensajeros de una era mejor -- Dos héroes condenados a muerte -- En la encrucijada de los caminos -- Un campeón de la verdad -- Se enciende una luz en Suiza -- El despertar de Europa -- Príncipes que sostienen la verdad -- El amanecer de Francia -- El despertar de España -- En los Países Bajos y Escandinavia -- La verdad progresa en Inglaterra -- El reinado del terror en Francia: su verdadera causa -- América, tierra de libertad -- Una esperanza que infunde paz -- Despertar religioso en el Nuevo Mundo -- Luz a pesar del chasco. Razón por las cuales se produjo -- Un gran movimiento mundial -- Cosechando el torbellino: la causa de la degradación actual -- Vaticinios alentadores: profecías cumplidas -- El ministerio revelado respecto al templo de Dios -- Cuándo empieza el juicio divino. Qué está haciendo Cristo ahora -- El futuro de los Estados Unidos -- Se restaura la verdad -- ¿Cuánto éxito tienen los reavivamientos modernos? -- El juicio investigador -- El origen del mal y del dolor -- El gran enemigo del hombre -- ¿Quiénes son los demonios o malos espíritus? -- Cómo derrotar a Satanás -- ¿Qué hay detrás de la tumba? -- ¿Quiénes son los "espíritus" del espiritismo? -- La libertad de conciencia amenazada -- El conflicto inminente -- Nuestra única salvaguardia -- El último llamamiento divino -- El tiempo de angustia -- Liberación del pueblo de Dios -- ¿Será destruida la tierra? -- El glorioso triunfo final. |
| 526 ## - NOTA DE INFORMACIÓN SOBRE EL PROGRAMA DE ESTUDIO |
| Nombre del programa |
Segunda Especialidad En Profecías Bíblicas |
| 526 ## - NOTA DE INFORMACIÓN SOBRE EL PROGRAMA DE ESTUDIO |
| Nombre del programa |
Segunda Especialidad En Nuevo Testamento |
| 526 ## - NOTA DE INFORMACIÓN SOBRE EL PROGRAMA DE ESTUDIO |
| Nombre del programa |
Segunda Especialidad En Antiguo Testamento |
| 526 ## - NOTA DE INFORMACIÓN SOBRE EL PROGRAMA DE ESTUDIO |
| Nombre del programa |
Segunda Especialidad En Estudios Adventistas |
| 526 ## - NOTA DE INFORMACIÓN SOBRE EL PROGRAMA DE ESTUDIO |
| Nombre del programa |
Doctorado en teología |
| 526 ## - NOTA DE INFORMACIÓN SOBRE EL PROGRAMA DE ESTUDIO |
| Nombre del programa |
Maestría en teología histórica |
| 526 ## - NOTA DE INFORMACIÓN SOBRE EL PROGRAMA DE ESTUDIO |
| Nombre del programa |
Maestría en teología bíblica |
| 526 ## - NOTA DE INFORMACIÓN SOBRE EL PROGRAMA DE ESTUDIO |
| Nombre del programa |
Maestría en teología |
| 526 ## - NOTA DE INFORMACIÓN SOBRE EL PROGRAMA DE ESTUDIO |
| Nombre del programa |
Maestría en misionología |
| 526 ## - NOTA DE INFORMACIÓN SOBRE EL PROGRAMA DE ESTUDIO |
| Nombre del programa |
Maestría en liderazgo eclesiástico |
| 526 ## - NOTA DE INFORMACIÓN SOBRE EL PROGRAMA DE ESTUDIO |
| Nombre del programa |
Teología |
| 534 ## - NOTA SOBRE LA VERSIÓN ORIGINAL |
| Frase introductoria |
Título original: |
| Mención de título del original |
From here to forever. |
| 650 24 - PUNTO DE ACCESO ADICIONAL DE MATERIA--TÉRMINO DE MATERIA |
| Término de materia o nombre geográfico como elemento de entrada |
Adventistas del Séptimo Día |
| Subdivisión general |
Doctrinas. |
| 650 14 - PUNTO DE ACCESO ADICIONAL DE MATERIA--TÉRMINO DE MATERIA |
| Término de materia o nombre geográfico como elemento de entrada |
Iglesia |
| Subdivisión general |
Historia. |
| 650 14 - PUNTO DE ACCESO ADICIONAL DE MATERIA--TÉRMINO DE MATERIA |
| Término de materia o nombre geográfico como elemento de entrada |
Escatología. |
| 9 (RLIN) |
5923 |
| 700 1# - ENTRADA AGREGADA--NOMBRE PERSONAL |
| Nombre de persona |
Orrego, Aldo D., |
| Término indicativo de función/relación |
director. |
| 910 ## - DATOS DE OPCIÓN DEL USUARIO (OCLC) |
| Datos de opción del usuario |
ebj |
| 942 ## - ELEMENTOS DE ENTRADA SECUNDARIOS (KOHA) |
| Fuente del sistema de clasificación o colocación |
Clasificación Decimal Dewey |
| Tipo de ítem Koha |
Libros físicos |
| 980 ## - EQUIVALENCIA O REFERENCIA-CRUZADA-MENCIÓN DE SERIE--NOMBRE DE PERSONA/TÍTULO [LOCAL, CANADÁ] |
| ID del último usuario que modificó el registro |
1 |
| Nombre del último usuario que modificó el registro |
ALBERTO SANCHEZ Responsable de Automatización |